[Event "Rome Cittadino La Lupa"]
[Site "Rome"]
[Date "2011.05.16"]
[Round "3"]
[White "Tulli, Cesare"]
[Black "Piperno, Renato"]
[Result "1-0"]
[WhiteElo "1476"]
[BlackElo "1374"]
[PlyCount "58"]
[EventDate "2011.05.05"]
[EventType "swiss"]
[EventRounds "7"]
[EventCountry "ITA"]
[SourceTitle "EXT 2024"]
[Source "ChessBase"]
[SourceDate "2023.10.10"]
[SourceVersion "1"]
[SourceVersionDate "2023.10.10"]
[SourceQuality "1"]

1. d4 d5 2. Nf3 Nf6 3. Bf4 e6 4. h3 Bd6 5. Bd2 Nbd7 6. Nc3 a6 7. e3 Bb4 8. Bd3 h6 9. a3 Bd6 10. 0-0 c5 11. b3 cxd4 12. Nxd4 Nc5 13. b4 Nxd3 14. cxd3 Bd7 15. Rc1 b5 16. Nb3 Rc8 17. d4 0-0 18. Nc5 Bxc5 19. dxc5 e5 20. Ne2 Ne4 21. Nc3 Nxc3 22. Bxc3 Re8 23. Qxd5 Be6 24. Qxe5 f6 25. Qg3 Bc4 26. Rfd1 Qc7 27. Rd6 Rcd8 28. Rcd1 Bb3 29. Rxd8 Rxd8 1-0

[Event "Rome Accademia Inverno op"]
[Site "Rome"]
[Date "2011.02.11"]
[Round "1"]
[White "Piperno, Renato"]
[Black "Lami, Damiano"]
[Result "0-1"]
[WhiteElo "1401"]
[BlackElo "1670"]
[PlyCount "82"]
[EventDate "2011.02.11"]
[EventType "swiss"]
[EventRounds "5"]
[EventCountry "ITA"]
[SourceTitle "EXT 2023"]
[Source "ChessBase"]
[SourceDate "2022.10.05"]
[SourceVersion "1"]
[SourceVersionDate "2022.10.05"]
[SourceQuality "1"]

1. e4 e5 2. Nf3 Nf6 3. Nxe5 d6 4. Nf3 Nxe4 5. d4 d5 6. Bd3 Bf5 7. 0-0 Be7 8. Re1 0-0 9. c3 Re8 10. Be3 Nd7 11. Nbd2 Ndf6 12. Ne5 Bd6 13. Nef3 Nxc3 14. bxc3 Bxd3 15. Nf1 Bf5 16. Bg5 Be7 17. Ng3 Bg6 18. Nh4 Ne4 19. Bxe7 Rxe7 20. Nxg6 hxg6 21. Nxe4 Rxe4 22. Qf3 Qe7 23. Rxe4 Qxe4 24. Qxe4 dxe4 25. Re1 f5 26. f3 exf3 27. gxf3 Kf7 28. f4 Re8 29. Rxe8 Kxe8 30. Kf2 Kd7 31. Kg3 c5 32. dxc5 Ke6 33. Kh4 Kd5 34. a4 a5 35. c6 bxc6 36. Kg5 Ke4 37. c4 c5 38. h4 Kf3 39. Kxg6 Kxf4 40. Kh5 Kg3 41. Kg5 f4 0-1